|
|
|
|
| LEADER |
01301nam a22003491a 4500 |
| 001 |
000041308 |
| 003 |
17608 |
| 005 |
20230325152844.0 |
| 008 |
170504s2014 vm 000 vie |
| 040 |
|
|
|a LNN
|
| 041 |
|
|
|a vie
|
| 082 |
|
|
|a 332.73051
|b BU-T
|
| 100 |
|
|
|a Bùi Thị Anh Thảo
|
| 245 |
|
0 |
|a CẠNH TRANH ẢNH HƯỞNG MỸ - TRIUNG TẠI KHU VỰC CHÂU Á - THÁI BÌNH DƯƠNG DƯỚI THỜI TỔNG THỐNG OBAMA GIAI ĐOẠN 2009-2013 /
|c Bùi Thị Anh Thảo.
|
| 260 |
|
|
|a ĐHNN,
|c 2014.
|
| 300 |
|
|
|a 77tr . : ill ; 30cm.
|
| 500 |
|
|
|a Luan van Tot nghiep
|
| 650 |
|
|
|a ẢNH HƯỞNG MỸ - TRUNG TẠI KHU VỰC CHÂU Á - THÁI BÌNH DƯƠNG DƯỚI THỜI TỔNG THỐNG OBAMA
|
| 852 |
|
|
|b P.Doc
|c Luận văn sinh viên QTH
|
| OWN |
|
|
|a LNN
|
| AVA |
|
|
|a UDN50
|b LNN
|d 332.73051 BU-T
|e available
|t Error 5001 Not defined in file expand_doc_bib_avail.
|f 2
|g 0
|h N
|i 0
|
| 999 |
|
|
|a From the UDN01
|
| AVA |
|
|
|a UDN50
|b LNN
|d 332.73051 BU-T
|e available
|t Error 5001 Not defined in file expand_doc_bib_avail.
|f 2
|g 0
|h N
|i 0
|
| TYP |
|
|
|a Monograph
|
| TYP |
|
|
|a Printed language
|
| 980 |
|
|
|a Mạng thư viện Đại học Đà Nẵng
|